00493nam a2200121Ia 4500008004100000082001500041100002700056245014800083260000900231942001100240999001700251952010300268230320s9999||||xx |||||||||||||| ||spa|| aTMG/2018/8 aBeck Campos, Constanza 0aMotivación Y Desempeño Del Docente Del Programa De Diploma Del Bachillerato Internacional En Una Institución Educativa Particular De Lima bLima 80cLIB c51152d51152 00104070aBC01bBC01d2023-03-20l0oTMG/2018/8p032337r2023-03-20 00:00:00t3w2023-03-20yLIB